Meilleurs marqueurs d'essais par saison du Top 14. - Statistiques

Statistiques générales
  • Ce quiz a été pris 461 fois
    84 depuis la dernière actualisation
  • Le résultat moyen est 6 sur 16
Statistiques - réponses
Saison Joueur % Correct
2025 Louis Bielle-Biarrey
95%
2022 | 2024 Baptiste Couilloud
70%
2023 Emilien Gailleton
70%
2021 Josua Tuisova
52%
2018 Chris Ashton
44%
2007 Aurélien Rougerie
43%
2008 | 2009 | 2013 Napolioni Nalaga
40%
2011 Maxime Médard
37%
2012 | 2016 Timoci Nagusa
22%
2017 Waisea Nayacalevu
22%
2019 Virimi Vakatawa
19%
2006 Rupeni Caucaunibuca
14%
2014 Metuisela Talebula
11%
2015 David Smith
10%
2020 Arthur Retière
10%
2010 Sam Gerber
3%
Aucun quiz correspondant
Distribution des résultats
% des personnes avec chaque résultat
Percentile par nombre de réponses
Votre historique - résultats
Vous n’avez pas pris ce quiz depuis la dernière actualisation